00482nam a2200109Ia 4500008004100000050002400041100002900065245015200094260008600246300002800332521001200360140724s9999 xx 000 0 und d aRT 84.5b.B463 2009 aBenedicto, Diana Bianca. aAssessment of the cognitive and Psychologyomotor skills of the BSN IV Nursing students of SISC in handling newborn cases /cDiana Bianca Benedicto. aLas Piñas, Philippines :bSouthville International School and Colleges,cc2009. a79 p. :bill. ;c28 cm. aNursing